Detecting information-driven trading in a dealers market
Analýza chovania tzv. market makers na českom kapitálovom trhu a vplyv tohto chovania na obchodovanie na základe neverejných informácií. Odhad rozsahu obchodovania na rozvíjajúcom sa kapitálovom trhu na základe neverejných informácií.
Na minha lista:
| Autor principal: | |
|---|---|
| Outros Autores: | |
| Formato: | Capítulo de Livro |
| Idioma: | inglês |
| Assuntos: | |
| Tags: |
Sem tags, seja o primeiro a adicionar uma tag!
|
MARC
| LEADER | 00000naa a2200000 4500 | ||
|---|---|---|---|
| 001 | 0135738 | ||
| 005 | 20231010115908.8 | ||
| 041 | 0 | |a eng | |
| 044 | |a CZ | ||
| 245 | 1 | 0 | |a Detecting information-driven trading in a dealers market |c Jan Hanousek, František Kopřiva |
| 520 | |a Analýza chovania tzv. market makers na českom kapitálovom trhu a vplyv tohto chovania na obchodovanie na základe neverejných informácií. Odhad rozsahu obchodovania na rozvíjajúcom sa kapitálovom trhu na základe neverejných informácií. | ||
| 610 | 2 | 0 | |a trh finančný |
| 610 | 2 | 0 | |a informácie dôverné |
| 610 | 2 | 0 | |a obchodovanie dôverné |
| 610 | 2 | 0 | |a trh kapitálový |
| 610 | 2 | 0 | |a burzy cenných papierov |
| 610 | 2 | 0 | |a Česko |
| 100 | 1 | |a Hanousek, Jan | |
| 700 | 1 | |a Kopřiva, František | |